[Event "Zalakaros op"]
[Site "Zalakaros"]
[Date "1996.??.??"]
[Round "2"]
[White "Medl, F."]
[Black "Pospelov, Evgeny"]
[Result "0-1"]
[WhiteElo "2060"]
[BlackElo "2370"]

1.d4 Nf6 2.Nf3 g6 3.c4 Bg7 4.Nc3 O-O 5.e4 d6 6.Be2 e5 7.O-O Nbd7 8.Bg5 h6
9.Bh4 c6 10.d5 c5 11.a4 a5 12.Nb5 g5 13.Nxg5 hxg5 14.Bxg5 Qb6 15.Qd3 Re8
16.h4 Nh7 17.Qf3 Ndf6 18.Qe3 Qd8 19.Ra3 Nxg5 20.hxg5 Nh7 21.f4 Qe7 22.Bh5 Rf8
23.Qg3 exf4 24.Qxf4 Be5 25.Qh4 Nxg5 26.Kh1 f6 27.Bg6 Kg7 28.Bh5 Rh8 29.g4 Bxg4
30.Rh3 Rxh5  0-1

[Event "Zalakaros op"]
[Site "Zalakaros"]
[Date "1996.??.??"]
[Round "3"]
[White "Pal, Peter"]
[Black "Goczo, Melinda"]
[Result "1-0"]
[WhiteElo "2285"]
[BlackElo "2115"]

1.d4 Nf6 2.Nf3 g6 3.c4 Bg7 4.Nc3 O-O 5.e4 d6 6.Be2 e5 7.d5 Nfd7 8.g4 f5 9.gxf5 gxf5
10.exf5 Nf6 11.Rg1 Kh8 12.Nh4 Na6 13.Bg5 Qe8 14.Qd3 Nc5 15.Qh3 Rf7 16.O-O-O a6
17.Rg2 Ncd7 18.Rdg1 h6 19.Nf3 Qf8 20.Be3 Nh7 21.Nh4 Qd8 22.Ng6+ Kg8 23.Bxh6 Nc5
24.Nh4  1-0

[Event "Zalakaros op"]
[Site "Zalakaros"]
[Date "1996.??.??"]
[Round "6"]
[White "Horvath, Gyula"]
[Black "Kernazhitsky, Leonid"]
[Result "1-0"]
[WhiteElo "2445"]
[BlackElo "2320"]

1.c4 Nf6 2.Nc3 g6 3.e4 d6 4.d4 Bg7 5.Be2 O-O 6.Nf3 e5 7.Be3 Ng4 8.Bg5 f6
9.Bh4 h5 10.h3 Nh6 11.dxe5 dxe5 12.Qxd8 Rxd8 13.Nd5 Nd7 14.Nxc7 Rb8 15.O-O-O Nf7
16.Nd2 Nc5 17.f3 b6 18.Nb1 Rb7 19.Nd5 Rd6 20.Nbc3 a5 21.b3 Kh8 22.Kb2 Bd7
23.Bf2 f5 24.Nxb6 Rdxb6 25.Bxc5 Rc6 26.Be3 Be6 27.Nb5 Bf8 28.a4 Be7 29.Bd2 Bd8
30.Bc3 Rc5 31.exf5 Bxf5 32.g4 Bd7 33.f4 Bc6 34.Rhf1 hxg4 35.fxe5 gxh3 36.e6+ Ne5
37.Rxd8+ Kh7 38.Bf3  1-0

[Event "Zalakaros op"]
[Site "Zalakaros"]
[Date "1996.??.??"]
[Round "7"]
[White "Domotor, Jozsef"]
[Black "Bauer, Peter2"]
[Result "1-0"]
[WhiteElo "2120"]
[BlackElo "2200"]

1.d4 Nf6 2.Nf3 g6 3.c4 Bg7 4.Nc3 O-O 5.e4 d6 6.Be2 e5 7.d5 c6 8.Bg5 h6 9.Bh4 g5
10.Bg3 cxd5 11.cxd5 Nh5 12.Nd2 Nf4 13.O-O Nxe2+ 14.Qxe2 f5 15.f3 f4 16.Bf2 h5
17.Rfc1 g4 18.Nb5 Na6 19.Nc4 Rf6 20.Bh4 gxf3 21.Bxf6 Qxf6 22.gxf3 Bd7 23.Nca3 Kh8
24.Nc7 Rg8 25.Nxa6 bxa6 26.Kh1 Qh4 27.Rc7 Bh3 28.Rg1 Bf6 29.Rxg8+ Kxg8 30.Nc4 Bg4
31.Nd2 Bd8 32.Rc1 Bb6 33.Nc4 Qh3 34.fxg4 hxg4 35.Nxb6 g3 36.Qg2 Qh4  1-0

[Event "Zalakaros op"]
[Site "Zalakaros"]
[Date "1996.??.??"]
[Round "8"]
[White "Csiszar, Csaba"]
[Black "Pal, Peter"]
[Result "1-0"]
[WhiteElo "2375"]
[BlackElo "2285"]

1.d4 Nf6 2.Nf3 g6 3.c4 Bg7 4.Nc3 d6 5.e4 O-O 6.Be2 e5 7.Be3 exd4 8.Nxd4 Re8
9.f3 Nc6 10.Nc2 a5 11.Qd2 Be6 12.Bg5 Ne5 13.b3 Qb8 14.Rd1 a4 15.O-O axb3
16.axb3 Nc6 17.Rb1 Nd7 18.Ne3 Qa7 19.Nb5 Qc5 20.Bh4 Nd4 21.Bf2 Nxb5 22.cxb5 Qg5
23.g3 Nc5 24.Bc4 Ra3 25.Qd1 Bxc4 26.Nxc4 Ra2 27.b6 cxb6 28.b4 Ne6 29.Be3 Qh5
30.Rf2 Rxf2 31.Bxf2 Ng5 32.Kg2 Ra8 33.h4 Ne6 34.Rc1 Ra2 35.Rc2 Rxc2 36.Qxc2 Qxf3+
37.Kxf3 Nd4+ 38.Bxd4  1-0

[Event "ESP-ch"]
[Site "Zamora"]
[Date "1996.??.??"]
[Round "8"]
[White "San Segundo, Pablo"]
[Black "Tattersall, Lester"]
[Result "1/2-1/2"]
[WhiteElo "2535"]
[BlackElo "2260"]

1.d4 Nf6 2.Nf3 g6 3.c4 Bg7 4.Nc3 O-O 5.e4 d6 6.Be2 e5 7.Be3 Ng4 8.Bg5 f6
9.Bh4 Nc6 10.d5 Ne7 11.Nd2 Nh6 12.f3 g5 13.Bf2 f5 14.O-O Ng6 15.g3 Kh8 16.c5 g4
17.exf5 gxf3 18.Bxf3 Nxf5 19.cxd6 cxd6 20.Bg2 Nd4 21.Nde4 Bf5 22.Qh5 Ne7
23.Rae1 Bg6 24.Qd1 Qd7 25.Kh1 Bf5 26.Qd3 Bg6 27.Qd2 Nf3 28.Bxf3 Rxf3 29.Bg1 Rf5
30.Kg2 a6 31.h3 Raf8 32.g4 Rf4 33.Bh2 Rxf1 34.Rxf1 Rxf1 35.Kxf1 h5 36.Qe2 b5
37.a3 hxg4 38.hxg4 a5 39.b4 axb4 40.axb4 Qc8 41.Nxb5 Bxe4 42.Qxe4 Qc1+ 43.Kg2 Qd2+
44.Kh1 Nxd5 45.Nxd6 Qc1+ 46.Kg2 Qd2+ 47.Kh1 Qc1+ 48.Kg2 Qd2+ 49.Kg3 Nf6 50.Nf7+ Kg8
51.Qc4 Qf4+ 52.Qxf4 exf4+ 53.Kxf4 Kxf7 54.Kf5  1/2-1/2

[Event "Zaragoza-B op"]
[Site "Zaragoza"]
[Date "1996.??.??"]
[Round "?"]
[White "Gavin Roche, Enrique"]
[Black "Ramon Perez, Jose Luis"]
[Result "1/2-1/2"]
[WhiteElo "2255"]
[BlackElo "2155"]

1.d4 Nf6 2.c4 g6 3.Nc3 Bg7 4.e4 d6 5.Be2 O-O 6.Nf3 e5 7.d5 a5 8.Bg5 h6 9.Bh4 Na6
10.Nd2 Qe8 11.O-O Nh7 12.a3 Bd7 13.Kh1 h5 14.f3 Bh6 15.Rb1 a4 16.Nb5 f5 17.exf5 Bxf5
18.Ne4 Bxe4 19.fxe4 Rxf1+ 20.Qxf1 Qd7 21.g4 g5 22.Bf2 Nf6 23.Qg2 Nxg4 24.Bxg4 hxg4
25.Rf1 Rf8 26.Bg3 Nc5 27.Rxf8+ Bxf8 28.Qe2 c6 29.Nc3 Nb3 30.dxc6 bxc6 31.Nxa4 Nd4
32.Qd2 Nf3 33.Qe3 Qf7 34.b3 d5 35.cxd5 cxd5 36.exd5 Qxd5 37.Nc3 Qd4 38.Qxd4 exd4
39.Nd5 Kf7 40.b4 Ke6 41.Nc7+ Kf5 42.b5 d3 43.Nd5 Bg7 44.Ne3+ Ke4 45.Nd1 Nd4
46.Nf2+ Ke3 47.Nxd3 Nxb5  1/2-1/2

[Event "Zaragoza-B op"]
[Site "Zaragoza"]
[Date "1996.??.??"]
[Round "?"]
[White "Gavin Roche, Enrique"]
[Black "Lopez, F."]
[Result "1/2-1/2"]
[WhiteElo "2255"]
[BlackElo "2110"]

1.d4 Nf6 2.c4 g6 3.Nc3 Bg7 4.e4 d6 5.Be2 O-O 6.Nf3 e5 7.d5 a5 8.Bg5 h6 9.Bh4 Na6
10.Nd2 Qe8 11.O-O Nh7 12.a3 h5 13.f3 Bd7 14.Rb1 Nc5 15.Nb3 Nxb3 16.Qxb3 b6
17.Qd1 f5 18.exf5 g5 19.f6 Bh6 20.Bf2 Bf5 21.Bd3 Qg6 22.Ne4 Nxf6 23.Qe2 Bxe4
24.Bxe4 Nxe4 25.Qxe4 Qxe4 26.fxe4 g4 27.Rbe1  1/2-1/2

[Event "Zaragoza op"]
[Site "Zaragoza"]
[Date "1996.??.??"]
[Round "2"]
[White "Shchekachev, Andrei"]
[Black "Del Rey, Diego"]
[Result "1-0"]
[WhiteElo "2500"]
[BlackElo "2350"]

1.Nf3 Nf6 2.c4 g6 3.Nc3 Bg7 4.e4 d6 5.d4 O-O 6.Be2 e5 7.Be3 Na6 8.O-O Ng4
9.Bg5 Qe8 10.dxe5 dxe5 11.h3 h6 12.Bc1 Nf6 13.Be3 Nh5 14.Re1 Nf4 15.Bf1 g5
16.a3 c6 17.b4 Qe7 18.Nd2 Rd8 19.Qc2 Nc7 20.Ne2 Nxe2+ 21.Bxe2 Ne6 22.Nb3 Nd4
23.Bxd4 exd4 24.Rad1 Be5 25.c5 Qf6 26.Na5 Rb8 27.Rd2 Be6 28.Bc4 Rd7 29.Rd3 Rbd8
30.Qb3 a6 31.Bxe6 fxe6 32.Rf3 Qg6 33.Nc4 Qg7 34.Nxe5 Qxe5 35.Rf5 Qg7 36.Qe3 Kh7
37.Rf6 Rg8 38.Rxh6+  1-0

[Event "Zaragoza op"]
[Site "Zaragoza"]
[Date "1996.??.??"]
[Round "3"]
[White "Huss, Andreas"]
[Black "Del Rey, Diego"]
[Result "1-0"]
[WhiteElo "2380"]
[BlackElo "2350"]

1.d4 Nf6 2.Nf3 g6 3.c4 Bg7 4.Nc3 O-O 5.e4 d6 6.Be2 e5 7.d5 a5 8.Bg5 h6 9.Bh4 Na6
10.Nd2 Qe8 11.a3 Bd7 12.b3 Nh7 13.Rb1 h5 14.f3 Bh6 15.Bf2 Qe7 16.h4 Nc5 17.Rb2 f5
18.b4 axb4 19.axb4 Na4 20.Nxa4 Bxa4 21.Qb1 Bd7 22.Bd3 Kh8 23.O-O Rg8 24.Kh1 f4
25.c5 g5 26.c6 bxc6 27.dxc6 Be6 28.hxg5 Bxg5 29.Qe1 h4 30.Kh2 Nf6 31.Rh1 Nh5
32.Kg1 Ng3 33.Rh2 Rg6 34.Bc4 Rag8 35.Bxe6 Qxe6 36.Rh3 Bd8 37.Bxg3 Rxg3 38.Rxg3 fxg3
39.Nf1 Bg5 40.Ne3 Bxe3+ 41.Qxe3 h3 42.gxh3 Qxh3 43.Rg2 Qh4 44.b5 Rb8 45.Qb3 Qf4
46.Ra2 Rf8 47.b6 cxb6 48.Rc2 Qh4 49.c7 Qh3 50.Qc4 Rc8 51.Qf7 Qh6 52.Qd7 Qf8
53.Kg2 b5 54.Rc1 Kg8 55.Rh1 Qe8 56.Qg4+  1-0

[Event "Zaragoza op"]
[Site "Zaragoza"]
[Date "1996.??.??"]
[Round "5"]
[White "Huss, Andreas"]
[Black "Foisor, Cristina Adela B"]
[Result "1/2-1/2"]
[WhiteElo "2380"]
[BlackElo "2370"]

1.d4 Nf6 2.Nf3 g6 3.c4 Bg7 4.Nc3 O-O 5.e4 d6 6.Be2 Na6 7.O-O e5 8.d5 Nh5
9.g3 Bg4 10.Ne1 Bxe2 11.Qxe2 Qe8 12.Nd3 f5 13.f3 Nf6 14.b4 c6 15.b5 cxb5
16.cxb5 Rc8 17.bxa6 Rxc3 18.Bd2 Rc7 19.a4 fxe4 20.fxe4 Rc4 21.Nf2 Rxa4 22.axb7 Rxa1
23.Rxa1 Qb8 24.Qb5 Rf7 25.Rxa7 Bf8 26.Bh6 Qxa7 27.b8=Q Qd4 28.Qd3 Qxf2+ 29.Kxf2 Nd7+
30.Ke2 Nxb8 31.Be3 Nd7 32.Qc4 Nf6 33.h3 Nh5 34.Bf2 Rb7 35.Qc2 Rb4 36.Be1 Rd4
37.Bf2 Rb4 38.Be1 Rd4 39.g4 Nf6 40.Bd2 Rxe4+ 41.Kf3 Rd4 42.Be3 Rd3 43.Ke2 Ra3
44.Qc8 Rxe3+ 45.Kxe3 Nxd5+ 46.Kf3 Nf4 47.g5 Kf7 48.Ke4 Be7 49.h4 Bf8 50.Qd8 Be7
51.Qh8 Bf8 52.Qf6+ Kg8 53.Kf3 Nh5 54.Qe6+ Kg7 55.Qd7+ Kg8 56.Qe6+ Kg7 57.Qd7+ Kg8
58.Ke4 Nf4 59.Qc7 h6 60.gxh6 Bxh6 61.Qxd6 Bg7 62.Qe7 Kh7 63.Qd8 Ne6 64.Qc8 Nf4
65.Qc4 Kh6 66.Qf7 Kh7 67.Kf3 Nh5 68.Qb7 Kh6 69.Qc7 Nf4 70.Kg4 Nh5 71.Qc1+ Kh7
72.Qc2 Kh6 73.Kf3 Nf4 74.Qa2 Kh7 75.Ke4 Kh6 76.Qf7 Kh7 77.Qe8 Kh6 78.Ke3 Ng2+
79.Ke4 Nf4 80.Qf7  1/2-1/2

[Event "Zaragoza op"]
[Site "Zaragoza"]
[Date "1996.??.??"]
[Round "8"]
[White "Pogorelov, Ruslan"]
[Black "Markowski, Tomasz"]
[Result "0-1"]
[WhiteElo "2440"]
[BlackElo "2535"]

1.Nf3 g6 2.c4 Bg7 3.d4 Nf6 4.Nc3 O-O 5.e4 d6 6.Be2 Na6 7.O-O e5 8.Be3 c6
9.d5 Ng4 10.Bg5 f6 11.Bh4 h5 12.Nd2 Nh6 13.h3 Nf7 14.Rb1 c5 15.a3 Bh6 16.b4 Kg7
17.Bd3 Bd7 18.Qe2 Qc8 19.Bg3 Bf4 20.Rfd1 Qd8 21.Nf1 Bh6 22.Bc2 Qe8 23.f3 b6
24.Bf2 Bg5 25.h4 Bh6 26.Ne3 Qc8 27.Ba4 Bxa4 28.Nxa4 Qd7 29.Qc2 Rac8 30.b5 Nc7
31.Nc3 Nd8 32.a4 Nb7 33.Nf1 f5 34.exf5 gxf5 35.Ng3 Qf7 36.Qe2 Bf4 37.Nf1 Kh8
38.Be3 Bxe3+ 39.Nxe3 Rg8 40.Na2 Rg7 41.Qc2 Rf8 42.Nc1 Qf6 43.Nb3 f4 44.Nf1 Qxh4
45.Rb2 Qh3 46.Nh2 Qh4 47.Qf2 Qe7 48.Re2 Rfg8 49.Kf1 Ne8 50.a5 Rg3 51.Ke1 Ng7
52.Nf1 Rg6 53.axb6 axb6 54.Ra1 Nf5 55.Ra7 R6g7 56.Kd1 Qd8 57.Rea2 Qf6 58.Kc1 Nh4
59.Ra8 Nd8 60.Qc2 Rxg2 61.Qd3 Rg1 62.Nd2 Nf5 63.Ne4 Qg6 64.Kb2 Ng3 65.Nfd2 h4
66.R2a7 Nxe4 67.Nxe4 h3 68.Rd7 Nf7 69.Raa7 Rf8 70.Rxf7 Rxf7 71.Rxf7 Qxf7
72.Nxd6 Qh7 73.Nf5 Qa7 74.Kb3 Qa1  0-1

[Event "Zaragoza op"]
[Site "Zaragoza"]
[Date "1996.??.??"]
[Round "8"]
[White "Franco Ocampo, Zenon"]
[Black "Hernandez, Gilberto"]
[Result "1-0"]
[WhiteElo "2470"]
[BlackElo "2555"]

1.d4 Nf6 2.Nf3 g6 3.c4 Bg7 4.Nc3 O-O 5.e4 d6 6.Be2 e5 7.d5 a5 8.Bg5 h6 9.Bh4 Na6
10.O-O Qe8 11.Nd2 Bd7 12.Kh1 Nh7 13.a3 h5 14.f3 Bh6 15.b3 Be3 16.Rb1 Bc5
17.Qc1 c6 18.Na2 Qb8 19.b4 axb4 20.axb4 Be3 21.Nc3 c5 22.bxc5 Nxc5 23.Qc2 Ra3
24.Nb5 Ra6 25.Qc3 Bh6 26.Nb3 Na4 27.Qb4 Rc8 28.Ra1 Nc5 29.Nxc5 dxc5 30.Qc3 Rxa1
31.Rxa1 Bxb5 32.cxb5 Bf8 33.Bc4 Bd6 34.b6 g5 35.Bf2 Kg7 36.h4 f6 37.Ra7 Kg6
38.Bb5 Nf8 39.g4 Be7 40.gxh5+ Kh6 41.hxg5+ fxg5 42.Bg3 Bd6 43.f4  1-0

[Event "Weihnachts op"]
[Site "Zuerich"]
[Date "1996.??.??"]
[Round "2"]
[White "Ivanisevic, Ivan"]
[Black "Wildi, Marcel"]
[Result "1-0"]
[WhiteElo "2300"]
[BlackElo "2285"]

1.d4 Nf6 2.c4 g6 3.Nc3 Bg7 4.e4 d6 5.Be2 O-O 6.Nf3 e5 7.O-O Na6 8.Be3 Qe8
9.dxe5 Ng4 10.Bg5 h6 11.Bc1 Nxe5 12.Nd4 c6 13.Re1 Nc5 14.Be3 Ned7 15.Qc2 Nf6
16.f3 Nh5 17.Bf1 Qe7 18.Rad1 Kh7 19.b4 Ne6 20.Nf5 gxf5 21.exf5 Kh8 22.fxe6 fxe6
23.Ne4 d5 24.Bc5 Qf7 25.Bxf8 Qxf8 26.Nc5 b6 27.Nxe6 Bxe6 28.Rxe6 Qxb4 29.Rxc6 Rf8
30.Qd2 Qe7 31.Rxh6+  1-0

[Event "Zwolle op"]
[Site "Zwolle"]
[Date "1996.??.??"]
[Round "2"]
[White "Chuchelov, Vladimir"]
[Black "Hoelscher, Thorsten"]
[Result "1-0"]
[WhiteElo "2510"]
[BlackElo "2160"]

1.d4 Nf6 2.Nf3 g6 3.c4 Bg7 4.Nc3 O-O 5.e4 d6 6.Be2 e5 7.O-O Qe8 8.dxe5 dxe5
9.Be3 b6 10.h3 Nbd7 11.Qc2 Nh5 12.Nd5 Qd8 13.Rfd1 c6 14.Nc3 Qe7 15.a3 Nf4
16.Bf1 f5 17.exf5 gxf5 18.Bxf4 exf4 19.Qd2 Nc5 20.Qxf4 Ne4 21.Re1 Qc5 22.Re3 Nxc3
23.bxc3 a5 24.a4 Ra7 25.Rae1 Rd7 26.Ne5 Rd6 27.Nd3 Qa3 28.c5 Rg6 29.cxb6 Bh6
30.Qc4+  1-0

[Event "Hoogovens-B"]
[Site "Wijk aan Zee"]
[Date "1997.01.22"]
[Round "2"]
[White "Janssen, Ruud"]
[Black "Nijboer, Friso"]
[Result "0-1"]
[WhiteElo "2350"]
[BlackElo "2555"]

1.c4 Nf6 2.Nc3 g6 3.e4 d6 4.d4 Bg7 5.Nf3 O-O 6.Be2 e5 7.d5 Na6 8.Be3 Ng4
9.Bg5 f6 10.Bd2 f5 11.Ng5 Nf6 12.exf5 gxf5 13.f4 c6 14.Qb3 h6 15.Nh3 Nc5
16.Qc2 Nfe4 17.O-O cxd5 18.cxd5 Nxd2 19.Qxd2 Qb6 20.Kh1 e4 21.Rab1 Bd7 22.Nf2 Rac8
23.Nfd1 Qb4 24.Ne3 Na4 25.Rfc1 b5 26.Qe1 Nxc3 27.bxc3 Qa5 28.Qg3 Rxc3 29.Rxc3 Qxc3
30.h3 a6 31.Bh5 Rc8 32.Bg6 Qf6 33.Bh5 Rc3 34.Re1 Kh8 35.Qg6 Rd3 36.Kh2 b4
37.Qxf6 Bxf6 38.Bg6 Bc3 39.Re2 Bd2 40.Nxf5 Bxf4+ 41.g3 Bxf5 42.Bxf5 Bxg3+
43.Kg2 Be5 44.Rxe4 a5 45.Rc4 Rd2+ 46.Kf3 Rxa2 47.Kg4 Kg7 48.Kh5 Kf6 49.Bg6 Rg2
50.h4 Rxg6 51.Rf4+ Ke7 52.Rf7+ Kd8  0-1

[Event "RUS-Cup4"]
[Site "Perm"]
[Date "1997.02.08"]
[Round "1"]
[White "Kholmogordva, S."]
[Black "Zakharevich, Igor"]
[Result "0-1"]
[WhiteElo "2180"]
[BlackElo "2505"]

1.d4 Nf6 2.c4 g6 3.Nc3 Bg7 4.e4 d6 5.Nf3 O-O 6.Be2 e5 7.d5 a5 8.Bg5 h6 9.Bh4 Na6
10.Nd2 h5 11.b3 Bh6 12.Nf3 Bd7 13.a3 Nc5 14.Rb1 a4 15.b4 Nb3 16.Nb5 Bg7 17.Qc2 Bxb5
18.cxb5 Qd7 19.h3 Nh7 20.Bc4 f5 21.exf5 gxf5 22.Qe2 e4 23.Ng5 Nxg5 24.Bxg5 Nd4
25.Qd1 Nxb5 26.Qc1 Bc3+ 27.Kf1 Bg7 28.h4 Nc3 29.Rb2 b5 30.Bh6 f4 31.Bxg7 Qxg7
32.Rc2 bxc4 33.Rxc3 e3 34.Rxc4 Rae8 35.Qc3 e2+ 36.Ke1 Qxg2 37.Qh3 Qg6 38.Rc1 f3
39.Qh2 Re4 40.Rg1 Rg4 41.Rxg4 Qxg4 42.Qg3 Rf4  0-1

[Event "RUS-Cup4"]
[Site "Perm"]
[Date "1997.02.12"]
[Round "5"]
[White "Volkov, Sergey"]
[Black "Shinkevich, Vitaly"]
[Result "1/2-1/2"]
[WhiteElo "2480"]
[BlackElo "2375"]

1.d4 Nf6 2.c4 g6 3.Nc3 Bg7 4.e4 d6 5.Be2 O-O 6.Nf3 e5 7.Be3 Bg4 8.d5 Nfd7
9.h4 Nf6 10.c5 c6 11.dxc6 Nxc6 12.cxd6 Bxf3 13.Bxf3 Nd4 14.Ne2 Qxd6 15.Nxd4 exd4
16.Bxd4 Rad8 17.Bc3 Nxe4 18.Bxe4 Bxc3+ 19.bxc3 Qe5 20.Qc2 f5 21.Qb3+ Rf7
22.O-O fxe4 23.Rae1 Rd3 24.Qb4 Qxc3 25.Qxe4 Kg7 26.Qe8 Qc6 27.Qb8 Qd6 28.Qc8 Qd8
29.Qg4 Rd4 30.Re4 Rxe4 31.Qxe4 Qf6 32.g3 b6 33.Qe2 Re7 34.Qd2 Rf7 35.Rc1 Qe6
36.Re1 Qf6 37.Re3 Qa1+ 38.Kg2 Qf6 39.Rd3 Qe6 40.Kg1 Re7 41.h5 h6 42.Rd8 Qe4
43.Qc3+ Qe5 44.Qxe5+ Rxe5 45.Rd7+ Kf6 46.hxg6 Kxg6 47.Rxa7 Rb5 48.Kg2 Rb1
49.Kf3 Kf5 50.Rf7+ Kg5 51.Re7 Rb2 52.Re5+ Kf6 53.Re2 Rb1 54.Ke4 Kg5 55.Ke5 Kg4
56.Re4+ Kf3 57.Rf4+ Kg2 58.Rf6 h5 59.a4 Rb4 60.f4 Kxg3 61.Rg6+ Kf3 62.f5 Rxa4
63.f6 Re4+ 64.Kf5 Rf4+ 65.Kg5 h4 66.Rh6 Kg3 67.Rh7 Rxf6 68.Kxf6 h3 69.Ke5 h2
70.Ke4 Kg2 71.Ke3  1/2-1/2

[Event "RUS-Cup4"]
[Site "Perm"]
[Date "1997.02.15"]
[Round "8"]
[White "Iskusnyh, Sergei"]
[Black "Khamatgaleev, Alexej"]
[Result "1/2-1/2"]
[WhiteElo "2440"]
[BlackElo "2385"]

1.d4 Nf6 2.c4 g6 3.Nc3 Bg7 4.e4 d6 5.Nf3 O-O 6.Be2 e5 7.O-O Na6 8.Be3 Ng4
9.Bg5 Qe8 10.dxe5 dxe5 11.h3 h6 12.Bd2 Nf6 13.Be3 Nd7 14.a3 f5 15.b4 f4 16.Bc1 c6
17.Bb2 Nc7 18.c5 Ne6 19.Nb1 Qe7 20.Nbd2 Nd4 21.Nxd4 exd4 22.Nf3 Ne5 23.Nxd4 f3
24.Nxf3 Nxf3+ 25.Bxf3 Bxb2 26.Qb3+ Kh7 27.Qxb2 Rxf3 28.gxf3 Bxh3 29.Qd2 Rd8
30.Qf4 g5 31.Qg3 Bxf1 32.Rxf1 Rd3 33.Re1 Qe6 34.Kg2 Kg6 35.Qg4 Qxg4+ 36.fxg4 Rxa3
37.Rd1 Kf6 38.Rd7 a5 39.Rxb7 axb4 40.Rb6 Ke5 41.Rxc6 Kxe4 42.Rxh6 Rc3 43.Rb6 Rxc5
44.Rxb4+ Ke5 45.Rb6 Kf4 46.Rb4+ Ke5  1/2-1/2

[Event "RUS-Cup4"]
[Site "Perm"]
[Date "1997.02.16"]
[Round "9"]
[White "Kholmogordva, S."]
[Black "Krapivin, Vladislav"]
[Result "1-0"]
[WhiteElo "2180"]
[BlackElo "2300"]

1.d4 g6 2.c4 Bg7 3.Nc3 d6 4.e4 Nf6 5.Nf3 O-O 6.Be2 e5 7.d5 a5 8.Bg5 h6 9.Bh4 Na6
10.Nd2 Qe8 11.a3 Nh7 12.b3 Bd7 13.O-O h5 14.f3 Bh6 15.Kh1 Be3 16.Rb1 Bc5
17.Qc1 Kg7 18.Na2 f6 19.b4 axb4 20.axb4 Be3 21.Nc3 g5 22.Bf2 Bxf2 23.Rxf2 g4
24.fxg4 hxg4 25.Nf1 Ng5 26.Qe3 Rh8 27.c5 Qg6 28.Bd3 Nb8 29.Ra2 Rxa2 30.Nxa2 f5
31.exf5 Bxf5 32.Bxf5 Qxf5 33.Nc3 Qf4 34.Kg1 Rf8 35.Ne2 Qf5 36.Rc1 Na6 37.Neg3 Qg6
38.cxd6 cxd6 39.Rc4  1-0

[Event "Beersheba 16th"]
[Site "Beersheba"]
[Date "1997.02.24"]
[Round "1"]
[White "Golod, Vitali"]
[Black "Kanstler, Boris"]
[Result "1/2-1/2"]
[WhiteElo "2515"]
[BlackElo "2495"]

1.d4 d6 2.Nf3 Nf6 3.c4 g6 4.Nc3 Bg7 5.e4 O-O 6.Be2 e5 7.dxe5 dxe5 8.Qxd8 Rxd8
9.Bg5 Re8 10.Nd5 Nxd5 11.cxd5 c6 12.Bc4 cxd5 13.Bxd5 Na6 14.O-O-O Nc7 15.Bb3 Be6
16.Nd2 a5 17.Kb1 a4 18.Bxe6 Nxe6 19.Be3 a3 20.b3 b5 21.Nf3 Nf4 22.g3 Ne2
23.Bd2 Rac8 24.Rhe1 Nc3+ 25.Bxc3 Rxc3 26.Re3 Rxe3 27.fxe3 Bh6 28.Kc2 Bxe3
29.Rd5 f5 30.Kd3 Bc1 31.Rxe5 fxe4+ 32.Kxe4 Rc8 33.Rxb5 Rc2 34.Rb8+ Kg7 35.Rb7+ Kg8
36.Rb8+ Kg7 37.Rb7+ Kg8  1/2-1/2

[Event "St Petersburg-ch"]
[Site "St Petersburg"]
[Date "1997.03.04"]
[Round "1"]
[White "Biriukov, Oleg V"]
[Black "Svidler, Peter"]
[Result "0-1"]
[WhiteElo "2415"]
[BlackElo "2640"]

1.d4 Nf6 2.c4 g6 3.Nc3 Bg7 4.e4 O-O 5.Nf3 d6 6.Be2 Nbd7 7.O-O e5 8.Qc2 Nh5
9.Rd1 Nf4 10.Bf1 c5 11.Nb5 cxd4 12.Nxd6 Ne6 13.Rb1 a5 14.Ne1 Ndc5 15.Nxc8 Rxc8
16.Bd3 f5 17.f3 Qh4 18.Qe2 Rc7 19.Bd2 Rcf7 20.g3 Qh5 21.Bxa5 Nxd3 22.Qxd3 Nc5
23.Qa3 fxe4 24.Qxc5 exf3 25.Nd3 f2+ 26.Kg2 Qf3+ 27.Kh3 g5  0-1

[Event "St Petersburg-ch"]
[Site "St Petersburg"]
[Date "1997.03.04"]
[Round "1"]
[White "Shchukin, Dmitry"]
[Black "Lukin, Andrei M"]
[Result "0-1"]
[WhiteElo "2310"]
[BlackElo "2480"]

1.d4 Nf6 2.c4 g6 3.Nc3 Bg7 4.e4 d6 5.Nf3 O-O 6.Be2 Nbd7 7.O-O e5 8.d5 Nc5
9.Qc2 a5 10.Bg5 h6 11.Be3 b6 12.Nd2 Ng4 13.Bxg4 Bxg4 14.a3 Bd7 15.b4 Nb7
16.Nb3 f5 17.exf5 gxf5 18.f4 exf4 19.Bxf4 Qf6 20.Ne2 Rfe8 21.Rab1 axb4 22.axb4 Nd8
23.Ng3 Nf7 24.Bd2 Qg6 25.Nxf5 Kh7 26.Nbd4 Bxf5 27.Nxf5 Re2 28.g3 Ng5 29.Rbe1 Rae8
30.Kh1 Nh3 31.Ne3 Nf2+ 32.Kg1 Qxc2 33.Nxc2 Nh3+ 34.Kh1 Rxd2 35.Rxe8 Rxc2
36.Re7 Kg6 37.Rxc7 Nf2+ 38.Kg2 Ng4+  0-1

[Event "RUS-Cup6"]
[Site "Krasnodar"]
[Date "1997.03.12"]
[Round "2"]
[White "Giorgadze, Giorgi"]
[Black "Zhelnin, Vladimir V"]
[Result "1-0"]
[WhiteElo "2595"]
[BlackElo "2475"]

1.d4 Nf6 2.c4 g6 3.Nc3 Bg7 4.Nf3 O-O 5.e4 d6 6.Be2 e5 7.Be3 Qe7 8.dxe5 dxe5
9.Nd5 Nxd5 10.cxd5 c6 11.d6 Qe6 12.h4 Rd8 13.Ng5 Qxd6 14.Qxd6 Rxd6 15.Bc4 Rf6
16.O-O-O Nd7 17.f4 exf4 18.Bd4 b5 19.Bb3 h6 20.e5 Rf5 21.Nxf7 Kf8 22.Rhe1 Ke7
23.e6 Bxd4 24.exd7+ Kxd7 25.Rxd4+ Kc7 26.Re7+ Kb6 27.Rd8 Rc5+ 28.Kd2 Bb7
29.Rxa8 Bxa8 30.Nd6 Rh5 31.Bf7 a6 32.b4 c5 33.Nc8+ Kc6 34.Bxg6 Rd5+ 35.Kc2 Bb7
36.Be8+  1-0

[Event "St Petersburg-ch"]
[Site "St Petersburg"]
[Date "1997.03.12"]
[Round "7"]
[White "Ivanov, Sergey"]
[Black "Svidler, Peter"]
[Result "1/2-1/2"]
[WhiteElo "2515"]
[BlackElo "2640"]

1.d4 g6 2.c4 Bg7 3.e4 d6 4.Nc3 Nf6 5.Nf3 O-O 6.Be2 e5 7.O-O Nbd7 8.Re1 c6
9.Bf1 exd4 10.Nxd4 Re8 11.Bf4 Nc5 12.Qc2 Ng4 13.Rad1 Qe7 14.Bg3 h5 15.h3 h4
16.Nxc6 bxc6 17.Bxd6 Qg5 18.hxg4 Bxg4 19.Qd2 Qh5 20.f3 Be6 21.Ne2 Rad8 22.Nf4 Qg5
23.Nxe6 Qxd2 24.Rxd2 Rxe6 25.Bf4 Rxd2 26.Bxd2 Bxb2 27.Be3 Na4 28.Bxa7 c5
29.Bb8 Bd4+ 30.Kh2 Nc3 31.Kh3 Nxa2 32.Bf4 Nb4 33.Bg5 f6 34.Bxh4 g5 35.Bg3 Nc2
36.Rc1 Ne3 37.Bf2 f5 38.Bxe3 Bxe3 39.Rd1 fxe4  1/2-1/2

[Event "RUS-Cup6"]
[Site "Krasnodar"]
[Date "1997.03.17"]
[Round "7"]
[White "Giorgadze, Giorgi"]
[Black "Dolmatov, Sergey"]
[Result "1/2-1/2"]
[WhiteElo "2595"]
[BlackElo "2560"]

1.d4 Nf6 2.c4 g6 3.Nc3 Bg7 4.Nf3 O-O 5.e4 d6 6.Be2 e5 7.Be3 c6 8.Qd2 Nbd7
9.Rd1 Re8 10.d5 cxd5 11.cxd5 Ng4 12.Bg5 f6 13.Bh4 h5 14.Bg3 a6 15.a4 Nf8
16.O-O Bd7 17.Qc2 f5 18.Bh4 Bf6 19.Bxf6 Qxf6 20.Rfe1  1/2-1/2

[Event "RUS-Cup6"]
[Site "Krasnodar"]
[Date "1997.03.17"]
[Round "7"]
[White "Aleksandrov, Aleksej"]
[Black "Zhelnin, Vladimir V"]
[Result "1-0"]
[WhiteElo "2615"]
[BlackElo "2475"]

1.d4 Nf6 2.c4 g6 3.Nc3 Bg7 4.e4 d6 5.Be2 O-O 6.Nf3 e5 7.d5 c6 8.h3 cxd5 9.cxd5 Nbd7
10.Be3 Nc5 11.Nd2 Ne8 12.Nc4 a6 13.b4 Nd7 14.Qd2 f5 15.f3 Bf6 16.exf5 gxf5
17.g3 Qe7 18.Rc1 Ng7 19.f4 b5 20.Na5 Qf7 21.O-O Kh8 22.Kh2 Rg8 23.Bf3 Nf8
24.fxe5 dxe5 25.d6 e4 26.Bg2 Nh5 27.Ne2 Be6 28.Bd4 Nd7 29.Rc7 Rg7 30.Nc6 Rag8
31.Ne7 Nxg3 32.Nxg3 Rxg3 33.Nxg8 Rxg8 34.Bxe4 Qg6  1-0

[Event "RUS-Cup6"]
[Site "Krasnodar"]
[Date "1997.03.19"]
[Round "9"]
[White "Sherbakov, Ruslan"]
[Black "Zakharevich, Igor"]
[Result "1/2-1/2"]
[WhiteElo "2580"]
[BlackElo "2505"]

1.d4 Nf6 2.c4 g6 3.Nc3 Bg7 4.e4 d6 5.Be2 O-O 6.Nf3 e5 7.O-O Qe8 8.dxe5 dxe5
9.Be3 b6 10.Nd5 Na6 11.Nd2 Nd7 12.a3 f5 13.f3 c6 14.Nb4 Ndc5 15.Nxa6 Bxa6
16.b4 Ne6 17.c5 Bxe2 18.Qxe2 b5 19.a4 a6 20.Rfd1 Qf7 21.axb5 axb5 22.Rxa8 Rxa8
23.Nb3 fxe4 24.Na5 exf3 25.Qxf3 Rd8 26.Rd6 Bf8 27.Rxc6 Nf4 28.Bxf4 exf4 29.h3 Rd4
30.Rc8 Rxb4 31.Nc6 Rb3 32.Qd5 Re3 33.Nb4 Qxd5 34.Nxd5 Re5 35.Nf6+ Kg7 36.Rxf8 Rxc5
37.Nd7 Rd5 38.Rb8 Rxd7 39.Rxb5 Rd2 40.Rb7+ Kh6 41.h4 Kh5 42.Rxh7+ Kg4 43.Rh6 Rd6
44.Kh2  1/2-1/2

[Event "Gausdal-ch op"]
[Site "Gausdal"]
[Date "1997.04.01"]
[Round "2"]
[White "Gausel, Einar"]
[Black "Trygstad, Kristian"]
[Result "0-1"]
[WhiteElo "2530"]
[BlackElo "2200"]

1.c4 g6 2.d4 Bg7 3.e4 d6 4.Nc3 Nf6 5.Be2 O-O 6.Nf3 e5 7.O-O Na6 8.Be3 Ng4
9.Bg5 Qe8 10.dxe5 h6 11.Bd2 dxe5 12.h3 Nf6 13.Be3 Nh5 14.Qc1 Kh7 15.c5 f5
16.Bxa6 bxa6 17.Re1 Qf7 18.c6 Re8 19.Qc2 Qc4 20.Rac1 Qxc6 21.Nd5 Qxc2 22.Rxc2 Rd8
23.Nxc7 Rb8 24.Bxa7 Rb4 25.Bc5 Rxe4 26.Rxe4 fxe4 27.Nd2 Nf4 28.Nxe4 Bb7 29.f3 Rc8
30.Bd6 Rd8 31.Be7 Bxe4 32.fxe4 Rd4 33.Nxa6 Rxe4 34.Nc5 Rd4 35.g3 Nd5 36.Ne6 Rd1+
37.Kf2 Nxe7 38.Rc7 Bf6 39.Nf8+ Kg7 40.Nd7 Rd2+ 41.Kf3  0-1

[Event "ISR-chT"]
[Site "Israel"]
[Date "1997.04.12"]
[Round "9"]
[White "Zilberman, Yaacov"]
[Black "Har Zvi, Ronen"]
[Result "1/2-1/2"]
[WhiteElo "2535"]
[BlackElo "2505"]

1.d4 Nf6 2.c4 g6 3.Nc3 Bg7 4.e4 d6 5.Nf3 O-O 6.Be2 e5 7.d5 Na6 8.O-O Nc5
9.Qc2 a5 10.Bg5 h6 11.Be3 b6 12.Nd2 Bg4 13.h3 Bxe2 14.Nxe2 Nh5 15.Rab1 f5
16.f3 f4 17.Bf2 Bf6 18.b3 Bh4 19.a3 Bxf2+ 20.Rxf2 Ng3 21.Nf1 Nxe2+ 22.Qxe2 a4
23.b4 Nb3 24.Qd1 Rf7 25.Rc2 h5 26.Rc3 Qd7 27.Nd2 Nd4 28.c5 g5 29.cxb6 cxb6
30.Rbc1 b5 31.Nf1 Nb3 32.R1c2 Nd4 33.Rc1 Nb3  1/2-1/2

[Event "FRA-chT9697 final"]
[Site "Clichy"]
[Date "1997.05.01"]
[Round "8"]
[White "Collas, Didier"]
[Black "Conquest, Stuart"]
[Result "0-1"]
[WhiteElo "2365"]
[BlackElo "2540"]

1.e4 g6 2.d4 d6 3.c4 Bg7 4.Nc3 Nf6 5.Nf3 O-O 6.Be2 Na6 7.O-O e5 8.Re1 c6
9.Bf1 Bg4 10.d5 Kh8 11.h3 Bxf3 12.Qxf3 Ng8 13.b3 f5 14.exf5 gxf5 15.Bb2 c5
16.Qh5 Qd7 17.Bd3 Rae8 18.Rad1 Nc7 19.a4 Re7 20.Bc2 Ne8 21.Ne2 Ref7 22.g4 e4
23.Bxg7+ Rxg7 24.Ng3 Ne7 25.gxf5 Nf6 26.Qh4 Nxf5 27.Qf4 Nh5  0-1